LEADER 01198nam a2200253 i 4500 001 000000215388 003 CaOOAMICUS 005 20120822000000.0 008 120822n it u000 u ita u 013 $a194260 020 $a88-13-19859-0 040 $aSeMil$bita 245 10$aScritti di diritto canonico. 300 $a790 p. 490 0 $aPubblicazioni dell'Istituto di diritto pubblico della Facoltŕ di giurisprudenza 650 4$aDiritto canonico - Studi.$0(OLS)http://semarc/subject/1680 650 4$aDiritto ecclesiastico.$0(OLS)http://semarc/subject/933 773 0 $aDe Luca, Luigi <1915-2004>$tScritti vari di diritto ecclesiastico e canonico.$dPadova : CEDAM, 1997.$kPubblicazioni dell'Istituto di diritto pubblico della Facoltŕ di giurisprudenza$g2$w()27269 830 0$aPubblicazioni dell'Istituto di diritto pubblico della Facoltŕ di giurisprudenza.$0(OLS)http://semarc/title/96708 850 $aSeMil 852 $aSeMil$W1$xVenegono$y1$m2H V 107$j165808$B165808$CSeMilBibl$Z2$F176766 $81 961 $aAcquisto: Rappresentante 996 $6020$a88-13-19859-0$9(OLS)http://semarc/number/37849 996 $6245$aScritti di diritto canonico$9(OLS)http://semarc/title/310079 LEADER 01165nam a2200265 i 4500 001 000000194716 003 CaOOAMICUS 005 20161108000000.0 008 161108s1974 it u000 u ita u 013 $a173375 040 $aSeMil$bita 100 1 $aPenrose, Valentine.$0(OLS)http://semarc/name/70740 240 13$aLa contesse sanglante.$0(OLS)http://semarc/title/409326 245 13$aLa contessa sanguinaria /$cdi Valentine Penrose ; traduzione di Luciana Marchi Pugliese. 260 $aMilano :$bLonganesi & C.,$c1974. 300 $a214 p. ;$c18 cm. 490 0 $aI libri pocket [Longanesi & C.] ;$v487 600 14$aBáthory, Erzsébet <1560-1614>.$0(OLS)http://semarc/subject/36596 700 1 $aMarchi Pugliese, Luciana.$0(OLS)http://semarc/name/70741 830 2$aI libri pocket ;$v487.$0(OLS)http://semarc/title/401525 850 $aSeMil 852 $aSeMil$W1$xVenegono$y1$m1A I 145$j145287$B145287$CSeMilBibl$Z2$F214711 $81 961 $aOmaggio: Grampa dott. Cesare 996 $6245$aLa contessa sanguinaria$9(OLS)http://semarc/title/409325 996 $6260$aMilano :$bLonganesi & C.$9(OLS)http://semarc/publisher/31590